00834 a2200253 4500020001500000040003300015082000800048100002400056245010700080246004800187246002500235250001200260260003700272300003300309490002800342500002000370650002200390650002700412650003700439650002200476650002700498650003700525700001800562 a0070380457 aLibrary of CongressbEnglish00a5111 aLipschutz, Seymour.10aSchaum's outline of theory and problems of discrete mathematics cSeymour Lipschutz, Marc Lars Lipson.30aTheory and problems of discrete mathematics30aDiscrete mathematics a2nd ed. aNew York :bMcGraw-Hill,cc1997. aix, 528 p. :bill. ;c28 cm.0 aSchaum's outline series aIncludes index. 0aAlgebra, Abstract 0aCombinatorial analysis 0aLogic, Symbolic and mathematical 0aAlgebra, Abstract 0aCombinatorial analysis 0aLogic, Symbolic and mathematical1 aLipson, Marc.